[Event "Izmir op"]
[Site "Izmir"]
[Date "2003.09.03"]
[Round "9"]
[White "Sirin, Igor"]
[Black "Rukhaia, Kartlos"]
[Result "0-1"]
[WhiteElo "2375"]
[BlackElo "2204"]
[PlyCount "56"]
[EventDate "2003.08.25"]
[EventType "swiss"]
[EventRounds "9"]
[EventCountry "TUR"]
[SourceTitle "EXT 2004"]
[Source "ChessBase"]
[SourceDate "2003.11.25"]
[SourceVersion "1"]
[SourceVersionDate "2003.11.25"]
[SourceQuality "1"]

1. d4 Nf6 2. Nc3 d6 3. e4 g6 4. f4 Bg7 5. Nf3 c5 6. d5 0-0 7. Be2 b5 8. Bxb5 Nxe4 9. Nxe4 Qa5+ 10. Nc3 Bxc3+ 11. bxc3 Qxb5 12. Nd2 Nd7 13. c4 Qa4 14. c3 Qxd1+ 15. Kxd1 Nb6 16. Re1 e6 17. Bb2 exd5 18. cxd5 Bg4+ 19. Kc1 Nxd5 20. Ne4 Rfe8 21. Kd2 Rab8 22. Ba3 Re6 23. g3 Nb6 24. Nf2 Nc4+ 25. Kd3 Nxa3 26. Nxg4 c4+ 27. Kd2 Rb2+ 28. Kc1 Rb1+ 0-1

[Event "Izmir op"]
[Site "Izmir"]
[Date "2003.09.02"]
[Round "8"]
[White "Chigladze, Iveri"]
[Black "Sirin, Igor"]
[Result "1-0"]
[WhiteElo "2252"]
[BlackElo "2375"]
[PlyCount "114"]
[EventDate "2003.08.25"]
[EventType "swiss"]
[EventRounds "9"]
[EventCountry "TUR"]
[SourceTitle "EXT 2004"]
[Source "ChessBase"]
[SourceDate "2003.11.25"]
[SourceVersion "1"]
[SourceVersionDate "2003.11.25"]
[SourceQuality "1"]

1. d4 d5 2. c4 e6 3. Nc3 Nf6 4. Nf3 Nbd7 5. Bf4 Bb4 6. e3 0-0 7. Qc2 c5 8. Bd6 Re8 9. Be2 Ne4 10. dxc5 Qa5 11. 0-0 Bxc3 12. bxc3 Ndxc5 13. Bxc5 Qxc5 14. Bd3 Nf6 15. cxd5 exd5 16. Nd4 Bd7 17. Qb3 b5 18. Qb4 Qc7 19. Nxb5 Bxb5 20. Qxb5 Qxc3 21. Rab1 Qe5 22. Qb2 Qd6 23. Qd4 Qe7 24. a4 Rab8 25. h3 Qc7 26. Rbc1 Qd6 27. Qxa7 Qa3 28. Bb5 Rf8 29. Qc5 Qb2 30. Qc3 Rxb5 31. axb5 Qxb5 32. Rb1 Qd7 33. Rfc1 Qf5 34. Rb7 g6 35. Qc2 Qe5 36. Qc7 Qf5 37. Rb8 Rxb8 38. Qxb8+ Kg7 39. Qc8 Qe5 40. Qc3 Qg5 41. Ra1 Kh6 42. Qd4 Ne4 43. Rd1 Qh4 44. Qb2 Qg5 45. Rd4 Qf6 46. Qa2 Nc3 47. Qc2 Ne4 48. Rxd5 Qa6 49. Kh2 Nf6 50. Rd4 Kg7 51. Qd2 Qb6 52. Rf4 g5 53. Rb4 Qc5 54. Kg1 Qa5 55. Qb2 Qd5 56. Rb6 Qd8 57. Qd4 Qe7 1-0